000 00411nam a2200169Ia 4500
008 230524s9999 xx 000 0 und d
020 _a8120304179
082 _a621.381
_bMAN
100 _aM.Morris Mano
245 0 _aDigital Logic and Computer Design
250 _a3RD
260 _aNEW DELHI
_bPearson
_c2000
300 _aXII;612
500 _aQuantity Number: 19
650 _aElectronics
942 _cBK
999 _c7831
_d7831